| 000 | 00753nam a2200253Ia 4500 | ||
|---|---|---|---|
| 003 | OSt | ||
| 005 | 20220918164720.0 | ||
| 006 | a|||||r|||| 00| 0 | ||
| 007 | ta | ||
| 008 | 220917b |||||||| |||| 00| 0 eng d | ||
| 020 | _a0714680958 (pbk) | ||
| 024 | _a176,163 | ||
| 037 | _cTextual | ||
| 040 |
_aARTS _cARTS _beng |
||
| 041 |
_2eng _aeng |
||
| 082 | _aV3,6.N, P0 (SC) | ||
| 100 |
_aPratchett Lawrence Ed. _920241 |
||
| 245 | 0 |
_aRenewing local democracy _b the modernisation agenda in British local government edited by Lawrence Pratchett |
|
| 260 |
_aLondon _bFrank Cass _c2000 |
||
| 300 |
_a144p. _ccm. |
||
| 650 | _aHISTORY | ||
| 942 |
_hV3,6.N, P0 (SC) _cTEXL _2CC |
||
| 999 |
_c126124 _d126124 |
||